Los sistemas de microcomputación como herramienta de la ingeniería industrial
Guardado en:
| Hovedforfatter: | |
|---|---|
| Andre forfattere: | |
| Format: | Bog |
| Udgivet: |
[San José , Costa Rica]
1984
|
| Tags: |
Tilføj Tag
Ingen Tags, Vær først til at tagge denne postø!
|
MARC
| LEADER | 00000nam a2200000Ia 4500 | ||
|---|---|---|---|
| 003 | 002818 | ||
| 005 | 20221231144403.0 | ||
| 008 | 140114s1984 cr a m 000 ||s d | ||
| 040 | |c cru CEDI | ||
| 090 | |a TFG 1663 | ||
| 100 | |a Aguilar Díaz, Fernando |9 14562 | ||
| 245 | |a Los sistemas de microcomputación como herramienta de la ingeniería industrial | ||
| 260 | |c 1984 |a [San José , Costa Rica] | ||
| 300 | |a 146 hojas :ilustraciones | ||
| 500 | |a Investigación dirigida. Universidad de Costa Rica. Facultad de Ingeniería. Escuela de Ingeniería Industrial | ||
| 700 | |9 14563 |a Esacalnte González, René | ||
| 942 | |c TFG | ||
| 999 | |c 21118 |d 21118 | ||
